Integral methods in science and engineering-90 / (Record no. 11272)

000 -LEADER
fixed length control field 00647cam a2200169 a 4500
020 ## - INTERNATIONAL STANDARD BOOK NUMBER
ISBN 1560320664
040 ## - CATALOGING SOURCE
Transcribing agency DLC
082 00 - DEWEY DECIMAL CLASSIFICATION NUMBER
Classification number 620 HEM 1991
245 00 - TITLE STATEMENT
Title Integral methods in science and engineering-90 /
260 ## - PUBLICATION, DISTRIBUTION, ETC. (IMPRINT)
Place of publication New York :
Name of publisher Hemisphere Pub.,
Year of publication c1991.
300 ## - PHYSICAL DESCRIPTION
Number of Pages xvii, 614 p. :
Other physical details ill. ;
Dimensions 24 cm.
500 ## - GENERAL NOTE
General note Papers from the 2nd international conference on global methods, entitled "Integral Methods in Science and Engineering (IMSE-90)" held at the University of Texas at Arlington on May 15-18, 1990.
650 #0 - SUBJECT ADDED ENTRY--TOPICAL TERM
Topical Term Engineering mathematics
700 2# - ADDED ENTRY--PERSONAL NAME
Personal name Haji-Sheikh, A.
710 2# - ADDED ENTRY--CORPORATE NAME
Corporate name or jurisdiction name as entry element University of Texas at Arlington.
942 ## - ADDED ENTRY ELEMENTS (KOHA)
Koha item type សៀវភៅភាសាអង់គ្លេស
952 ## - LOCATION AND ITEM INFORMATION (KOHA)
Withdrawn status [LOCAL, KOHA] 0
Holdings
Permanent Location Date acquired Koha item type Lost status Shelving location Barcode Current Location Full call number
Library Block A2017-07-25សៀវភៅភាសាអង់គ្លេស A036A11458Library Block A620 HEM 1991 A036 Or.
មជ្ឈមណ្ឌលឯការនៃសាកលវិទ្យាល័យភូមិន្ទកសិកម្មចំការដូង

Powered by Koha